|
|
|
|
| LEADER |
00000nam a2200000 a 4500 |
| 001 |
vtls001269385 |
| 003 |
SK-MaSNL |
| 005 |
20260301234618.0 |
| 008 |
240318s1962 xo 0 und |
| 035 |
|
|
|a SNK000220429
|
| 040 |
|
|
|a SNK
|b slo
|c SNK
|e AACR2
|
| 044 |
|
|
|a xo
|c SK
|
| 100 |
1 |
|
|a Jašík, Rudolf,
|d 1919-1960
|4 aut
|9 108040
|
| 245 |
1 |
0 |
|a Mŕtvi nespievajú
|
| 250 |
|
|
|a 2. vyd.
|
| 260 |
|
|
|a Bratislava
|b Slovenský spisovateľ
|c 1962
|
| 300 |
|
|
|a 345 s.
|
| 999 |
|
|
|c 970987
|d 972917
|
| 952 |
|
|
|a SNK
|b SNK
|y PREZ
|7 0
|p 17A0725736
|o snkSD 21928
|0 0
|1 0
|4 0
|d 2011-11-16
|l 0
|r 2025-12-05 00:00:00
|w 2026-02-24
|
| 952 |
|
|
|t P60, <04>, [BOOK], {604}
|a SNK
|b SNK
|y VYP
|7 0
|p 17A0026210
|o snkSD 21928 D1
|0 0
|1 0
|4 0
|d 1996-12-06
|l 0
|r 2005-01-01 00:00:00
|w 2026-02-24
|